MARC

Tag First Indicator Second Indicator Subfields
LEADER 00000cas a2200000 a 4500
001 in00000081261
005 20151008061012.0
008 790718d19731999aluhr1 0 a0eng d
010 |a  90643161   |z sn 90021023  
022 0 |a 1050-6241 
035 |a (OCoLC)05184806 
035 |9 AAJ7080AM 
037 |b Southern Building Code Congress International, 900 Montclair Rd., Birmingham, AL 35213-1206 
040 |a LDL  |c LDL  |d GUA  |d DLC  |d NSD  |d DLC  |d NST  |d MYG  |d OCLCQ  |d UtOrBLW 
042 |a lc  |a nsdp 
043 |a n-us--- 
049 |a TXAM 
050 0 0 |a TH420  |b .S73 
090 |a KF5701  |b .S62 
210 0 |a Stand. build. code 
222 0 |a Standard building code 
245 0 0 |a Standard building code. 
246 1 8 |a SBCCI building code  |f 1982-<1988> 
246 1 0 |a Southern standard building code  |f 1973 
264 1 |a Birmingham, Ala. :  |b Southern Building Code Congress International,  |c ©1973-©1999. 
300 |a volumes ;  |c 24 cm. 
310 |a Triennial 
336 |a text  |b txt  |2 rdacontent 
337 |a unmediated  |b n  |2 rdamedia 
338 |a volume  |b nc  |2 rdacarrier 
362 0 |a 1973 ed.-1999 ed. 
500 |a "Also known as Southern standard building code." 
580 |a Merged with: Building Officials and Code Administrators International. BOCA national building code, and: International Conference of Building Officials. Uniform building code, to form: International building code. 
650 0 |a Building laws  |z Southern States. 
650 0 |a Construction industry  |x Standards  |z United States  |v Periodicals. 
650 0 |a Building laws  |z United States  |v Periodicals. 
650 0 |a Standards, Engineering  |v Periodicals. 
710 2 |a Southern Building Code Congress International. 
785 1 7 |a Building Officials and Code Administrators International.  |t BOCA national building code  |x 0897-0068  |w (DLC) 91648862  |w (OCoLC)15194269 
785 1 7 |a International Conference of Building Officials.  |t Uniform building code  |x 0896-9655  |w (DLC) 88641281  |w (OCoLC)14907366 
785 1 7 |t International building code  |w (DLC) 00242102  |w (OCoLC)44027250 
850 |a DLC  |a GU  |a MCM  |a MdBJ 
994 |a E0  |b TXA 
949 |a updated  |b h  |c 2002/4/9  |e coplinge  |f 12:01:56 pm 
999 |a MARS 
999 f f |s b456b86b-3d1e-3f1c-a3c1-5f7969ce647b  |i 6e3528c3-4400-39e4-9c91-f01cea3010d8  |t 0 
952 f f |p ric  |a Texas A&M University  |b Rellis Campus  |c Joint Library Facility  |d Remote Storage  |t 0  |e KF5701 .S62  |h Library of Congress classification  |i unmediated -- volume  |k 1999  |m A14852580837 
952 f f |p ric  |a Texas A&M University  |b Rellis Campus  |c Joint Library Facility  |d Remote Storage  |t 0  |e KF5701 .S62  |h Library of Congress classification  |i unmediated -- volume  |l 1973  |m A14809264755 
952 f f |p ric  |a Texas A&M University  |b Rellis Campus  |c Joint Library Facility  |d Remote Storage  |t 0  |e KF5701 .S62  |h Library of Congress classification  |i unmediated -- volume  |l 1976  |m A14807744644 
952 f f |p ric  |a Texas A&M University  |b Rellis Campus  |c Joint Library Facility  |d Remote Storage  |t 0  |e KF5701 .S62  |h Library of Congress classification  |i unmediated -- volume  |l 1988  |m A14812319941 
952 f f |p ric  |a Texas A&M University  |b Rellis Campus  |c Joint Library Facility  |d Remote Storage  |t 0  |e KF5701 .S62  |h Library of Congress classification  |i unmediated -- volume  |l 1979  |m A14803189800 
952 f f |p ric  |a Texas A&M University  |b Rellis Campus  |c Joint Library Facility  |d Remote Storage  |t 0  |e KF5701 .S62  |h Library of Congress classification  |i unmediated -- volume  |l 1979  |m A14807255784 
952 f f |p ric  |a Texas A&M University  |b Rellis Campus  |c Joint Library Facility  |d Remote Storage  |t 0  |e KF5701 .S62  |h Library of Congress classification  |i unmediated -- volume  |l 1997  |m A14821493566 
952 f f |p ric  |a Texas A&M University  |b Rellis Campus  |c Joint Library Facility  |d Remote Storage  |t 0  |e KF5701 .S62  |h Library of Congress classification  |i unmediated -- volume  |l 1982  |m A14811968080 
952 f f |p ric  |a Texas A&M University  |b Rellis Campus  |c Joint Library Facility  |d Remote Storage  |t 0  |e KF5701 .S62  |h Library of Congress classification  |i unmediated -- volume  |l 1991  |m A14852580720 
952 f f |p ric  |a Texas A&M University  |b Rellis Campus  |c Joint Library Facility  |d Remote Storage  |t 0  |e KF5701 .S62  |h Library of Congress classification  |i unmediated -- volume  |l 1985  |m A14808422504 
998 f f |a KF5701 .S62  |s 1973-1991,1997-1999  |t 0  |l Remote Storage